| 000 | 00868nam a22002297a 4500 | ||
|---|---|---|---|
| 005 | 2009072404594.0 | ||
| 008 | 090724t xxu||||| |||| 00| 0 eng d | ||
| 010 | _aENG-94548 | ||
| 020 |
_a9788184501551 _c900.00 |
||
| 035 | _aEN-78081 | ||
| 037 | _bDBAD / PUB | ||
| 040 |
_adpl _bEnglish |
||
| 082 | _a320.891724 | ||
| 245 |
_aDecentralised governance and development / _cedited by T.M. Joseph |
||
| 260 |
_aNew Delhi _bDeep & Deep Publications _c2009 |
||
| 270 |
_aF-159, Rajouri Garden _bNew Delhi _e110027 |
||
| 300 |
_axx, 244p. _c23cm (Hb) |
||
| 500 | _aIncludes references and index | ||
| 700 | _aJoseph, T.M. | ||
| 942 |
_2ddc _cEN _h320.891724 _mDEC |
||
| 999 |
_c28635 _d28635 |
||